| 000 | 00581cab a2200217 4500 | ||
|---|---|---|---|
| 001 | WB2923-43 | ||
| 008 | 090401t1993 xxu||||| |||| 00| 0 eng d | ||
| 035 | _a(Sirsi) u54416 | ||
| 041 | _aeng | ||
| 245 | _aAngling for a piece of river | ||
| 260 | _c1993 | ||
| 350 | _a0 | ||
| 490 |
_aFinancial Times _v12 June 1993, XVII(1) |
||
| 520 | _aDiscusses the costs of fishing rights on land and how to value them. | ||
| 650 | _aFISHING RIGHTS | ||
| 650 | _aSALMON RIVER | ||
| 650 |
_aValuation _96273 |
||
| 690 | _aLEISURE AND RECREATION | ||
| 942 | _n0 | ||
| 948 | _c04/03/1997 | ||
| 999 |
_c33356 _d33356 |
||